000 00420nam a2200169Ia 4500
008 230524s9999 xx 000 0 und d
020 _a9789382740520
082 _a342.54
_bACH
100 _aN K Acharya
_943631
245 4 _aThe Constitution of INDIA
250 _a8
260 _aHyderabad
_bAsia law house
_c2017
300 _a"xlix,460p;"
500 _aQuantity Number: 1
650 _aLAW
_943632
942 _cBK
999 _c59299
_d59299